Desarrollo histórico y socio-cultural del Municipio de Esperanza / (Registro nro. 37325)
[ vista simple ]
| 000 -CABECERA | |
|---|---|
| campo de control de longitud fija | 00611nam a2200157 a 4500 |
| 001 - NÚMERO DE CONTROL | |
| campo de control | 000037835 |
| 005 - FECHA Y HORA DE LA ÚLTIMA TRANSACCIÓN | |
| campo de control | 20201002031125.0 |
| 008 - DATOS DE LONGITUD FIJA--INFORMACIÓN GENERAL | |
| campo de control de longitud fija | 130306s2003 dr ac 000 0 spa d |
| 040 ## - FUENTE DE LA CATALOGACIÓN | |
| Centro catalogador/agencia de origen | DO-SdBNP |
| 100 1# - ENTRADA PRINCIPAL--NOMBRE DE PERSONA | |
| Nombre de persona | Báez Rondón, Elegio |
| 9 (RLIN) | 64290 |
| 245 10 - MENCIÓN DE TÍTULO | |
| Título | Desarrollo histórico y socio-cultural del Municipio de Esperanza / |
| Mención de responsabilidad, etc. | Eligio Báez Rondón, Juan Augusto Santana. |
| 260 ## - PUBLICACIÓN, DISTRIBUCIÓN, ETC. | |
| Lugar de publicación, distribución, etc. | Mao, Valverde, República Dominicana : |
| Nombre del editor, distribuidor, etc. | mpresos Blanquito, |
| Fecha de publicación, distribución, etc. | 2003. |
| 300 ## - DESCRIPCIÓN FÍSICA | |
| Extensión | 226 p. : |
| Otras características físicas | il., retrs. ; |
| Dimensiones | 23 cm. |
| 500 ## - NOTA GENERAL | |
| Nota general | Incluye datos biográficos de los autores en la contraportada |
| 700 1# - PUNTO DE ACCESO ADICIONAL--NOMBRE DE PERSONA | |
| Nombre de persona | Santana, Juan Augusto |
| 9 (RLIN) | 64291 |
| Estado de retiro | Estado de pérdida | No para préstamo | Código de colección | Localización permanente | Ubicación/localización actual | Ubicación en estantería | Fecha de adquisición | Número de inventario | Total de préstamos | Signatura topográfica completa | Código de barras | Fecha visto por última vez | Precio válido a partir de | Tipo de ítem Koha |
|---|---|---|---|---|---|---|---|---|---|---|---|---|---|---|
| Patrimonio Dominicano | Patrimonio Dominicano | Patrimonio Dominicano | Orden iniciada | 06.03.2013 | LF1 | 37835-10 | 25.06.2020 | 25.06.2020 | Libro y Folleto Colección Patrimonio Dominicano |
